01232nam a2200241 i 4500001000700000003000900007005001700016007000300033008004100036245010600077260006000183300002800243505029100271650003800562700004100600700003500641700005100676700003500727700002100762852003500783999001900818952015300837120620ES-MaACL20230906191604.0t|070214s1962 sp r ||||1| spa d00aEnciclopedia Farmacéutica / cdirigida por Prof. Dr. A. del Pozo, Prof. Dr. E. Gastón de Iriarte. aBarcelona [etc.] : bEd. Científico-Médica, c1962. a2 v. : bil. ; c25 cm.8 aContiene: I. Drogas y productos Químicos redactado por... Juan M. García Marquina... Alfonso del Pozo... Ramón San Martín. XIII h. 1130 p. -- II. Farmacotecnia. Técnicas preparatorias y medicamentos redactado por... M. Folch... E. Gaston de Iriarte... M. Losa... VIII. 1366 p. 4aFarmacia-vEnciclopedias.91686671 aPozo Carrascosa, Alfonso del.9935331 aGastón de Iriarte, E.9559461 aGarcía-Marquina Rodrigo, Juan Marino.9548921 aSan Martín, Ramón.91022671 aFolch, G.951438 aES-MaACLjP-1041-bis bR.50001 c120620d120620 001040708Colección_de_referencia aATENEOMbATENEOMcDEPO2d2008-01-17eSCl0oP-1041-bisp1125727r2023-02-23 00:00:00w2023-02-23yMONOGRAFIA